000 00613nam a22002297a 4500
003 UA-OsUOA
001 70875
007 ta
008 20100922b un ||||| |||| 00| 0 ukr d
100 _aРадищев А.
090 _a821.161.1
_bР15
942 _cBK
040 _aUA-OsUOA
_brus
_cUA-OsUOA
_dUA-OsUOA
245 _aПутешествие из Петербурга в Москву 1749 - 1949
300 _a251 с.
955 _a2
041 _arus
080 _a821.161.1
260 _aМ.
_c1959
650 7 _a82 Література. Літературознавство
_2UDC
999 _c357142
_d357142